geometry dash - Statistics

General Stats
  • This quiz has been taken 87 times
  • The average score is 7 of 8
Answer Stats
Hint Answer % Correct
Is Limbo a memory level Yes
96%
Developer RobTop
95%
Verifier of Tidal Wave Zoink
95%
How many minutes is Every End 7
93%
Longest Extreme Demon Eon
79%
Most Liked Level Retray
77%
Triple spike Michigun
63%
Most Downloaded Level Outerspace
59%
No matching quizzes found
Score Distribution
Percent of People with Each Score
Percentile by Number Answered
Your Score History
You have not taken this quiz